| 000 | 00992nam a2200349 a 4500 | ||
|---|---|---|---|
| 003 | AR-BaBNM | ||
| 005 | 20251128203326.0 | ||
| 008 | 082120s2002 ||||||||||||||000 | spa|| | ||
| 020 | _a84-7100-451-8 | ||
| 040 | _cAR-BaBNM | ||
| 100 | 1 | _aGutiérrez, Lucio | |
| 245 | 0 | 0 |
_aHistoria de la iglesia en Filipinas _b[1565-1900] |
| 250 | _a1ª ed. | ||
| 260 |
_aMadrid _bMapfre _c1992 |
||
| 300 |
_a333 p. _bil., láms. |
||
| 490 | 0 |
_aIglesia católica en el nuevo mundo _vv. 4 |
|
| 500 | _aApéndice para consultar p. 307-318. | ||
| 650 | 4 | _aMISIONES RELIGIOSAS | |
| 650 | 4 | _aMISIONES FRANCISCANAS | |
| 650 | 4 | _aHISTORIA DE LAS RELIGIONES | |
| 650 | 4 | _aABORIGENES | |
| 650 | 4 | _aIGLESIA | |
| 650 | 4 | _aHISTORIA SOCIAL | |
| 650 | 4 | _aHISTORIA DE LAS COSTUMBRES | |
| 650 | 4 | _aCATOLICISMO | |
| 650 | 4 | _aMISIONES JESUITICAS | |
| 651 | 4 | _aFilipinas | |
| 800 | 1 |
_aGallego, José Andrés _ecoordinador |
|
| 800 | 1 |
_aHera, Alberto de la _edirector |
|
| 942 | _cBK | ||
| 998 | _cmariana | ||
| 999 |
_c2904 _d2904 |
||